Представление документа в формате RUSMARC

ПолеНазваниеЗначение
  Тип записи a
  Библиографический уровень a
001 Контрольный номер RU/УОНБ/EK_Kray/619783305
005 Дата корректировки 20241015100054.7
100 Данные общей обработки __
a Данные общей обработки 20241015d2019 |||c0rusy0189 ca
101 Язык документа 0_
a Язык текста rus
102 Страна публикации __
a Страна публикации RU
105 Кодированные данные (монография) __
a Кодированные данные (монография) y###||||000|y
200 Заглавие и сведения об ответственности 1_
a Заглавие Ты край родной любил и знал
e Сведения, относящиеся к заглавию стихи
f Первые сведения об ответственности А. Ермилов
327 Примечание о содержании 1_
a Примечание о содержании Село
327 Примечание о содержании 11
a Примечание о содержании В этом мире тот и жив поныне
327 Примечание о содержании 11
a Примечание о содержании Прислониха
327 Примечание о содержании 11
a Примечание о содержании Рукопожатие
327 Примечание о содержании 11
a Примечание о содержании Солнце
327 Примечание о содержании 11
a Примечание о содержании Нас родила так нежно Мать-землица
461 Уровень набора _0
1 2000
a Симбирскъ
1 011
463 Уровень физической единицы _0
1 2000
a № 1
v С. 64-65
1 2101
d 2019
1 001RU/REG73/CBS_GRAD/fa4de9c5b3a747338290cb7db59e944d
610 Ключевые слова 0_
a Ключевые слова стихи
686 Индексы других классификаций __
a Классификационный индекс 84(2 Рос=Рус)
2 Код системы rubbk
700 Автор _1
a Фамилия Юман
b Имя (инициалы) А.
g Полное личное имя Анатолий
4 Код отношения 070
801 Источник записи _0
a Страна RU
b Организация RuCBSGrad
c Дата составления 20241015
g Правила каталогизации RCR
801 Источник записи _1
a Страна RU
b Организация RuCBSGrad
c Дата составления 20241015
g Правила каталогизации RCR
852 Данные о местонахождении __
a Наименование организации МБУК "ЦБС г. Димитровграда"
901 Тип документа __
t Тип документа b
w Контрольный № источника RU/REG73/CBS_GRAD/fa4de9c5b3a747338290cb7db59e944d
909 Создатель записи __
a Создатель записи Тенигина
b Дата создания записи 20241015